| 000 | 00468nam a2200169Ia 4500 | ||
|---|---|---|---|
| 003 | GCL | ||
| 008 | 140319s9999 xx 000 0 eng d | ||
| 040 |
_aGCL / _cGCL |
||
| 082 | 0 | 4 |
_a005.72 _bD K |
| 100 | 1 | _aBREEDING,KENNETH J | |
| 245 | 1 | 0 |
_aDIGIAL DESIGN FUNDAMENTALS,2NT ED / _cBREEDING,KENNETH J |
| 260 |
_a[S.N] : _bPRENTICE- HELL INTERNATIONAL, INC. ، _c1992 |
||
| 300 | _a446 PP | ||
| 650 | 0 | 4 | _aFUNDAMENTALS |
| 650 | 0 | 4 | _aDIGITAL DESIGN |
| 942 |
_2ddc _cBK |
||
| 999 |
_c15083 _d15083 |
||